000 00528nam a2200193 a 4500
001 1112
003 CO-ViMGA
008 141112s2004 ck r 000 u spa d
040 _aCO-ViMGA
_bspa
_cCO-ViMGA
082 0 4 _a516.3 F853
100 1 _aFuller, Gordon
_949181
245 1 0 _aGeometrĂ­a analĂ­tica /
_cFuller Gordon , Tarwater Dalton
250 _a7a
260 _aWilmington :
_bAddison - Wesley,
_c1995
300 _a435 p : il
650 1 4 _aGEOMETRIA ANALITICA
650 1 4 _aTarwater, Dalton
_949182
942 _2ddc
_cBK
999 _c13335
_d13335